| 000 | 00544nam a22001337a 4500 | ||
|---|---|---|---|
| 008 | 090727t xxu||||| |||| 00| 0 eng d | ||
| 020 | _a977320966 | ||
| 082 |
_a327.09531 _bط ح ا |
||
| 245 |
_a/الملك فيصل والعلاقات الخارجية السعودية _cعبد الحكيم الطحاوى |
||
| 260 |
_a:الجيزة _bعين للدراسات والبحوث الانسانية والاجتماعية |
||
| 300 |
_a318 ؛ ص _c23 سم |
||
| 651 |
_98166 _aالسعودية _x-- العلاقات الخارجية |
||
| 942 |
_2ddc _cBB |
||
| 999 |
_c12434 _d12434 |
||